000 00761nam a2200217Ii 4500
003 JO-AjNU
008 230605s9999||||xx |||||||||||||| ||und||
017 _a2000/10/2775
040 _aJO-AjNU
_bara
_erda
_cJO-AjNU
041 _aara
050 1 4 _aS471.172.A4776 2001
100 3 _aال ثاني ، روضة سحيم ,
_eauthor
_97643
245 0 0 _aدور العرب في تطوير الزراعة في العراق منذالفتح الاسلامي حتى نهاية الدوله الاموية
250 _aط1
264 3 1 _aاربد:مؤسسة حمادة ، 2001
300 _a188ص
336 _atext
_btxt
_2rdacontent
337 _aunmediated
_bn
_2rdamedia
338 _avolume
_bnc
_2rdacarrier
650 4 _aالزراعة في العراق
_97644
999 _aA384
_c3952
_d3952